Statistics for European Capital Cities: from Furthest to Closest to Geographical Midpoint Centre

Click here to take the quiz!

General Stats

  • This quiz has been taken 174 times
  • The average score is 30 of 45

Answer Stats

DISTANCE (km) CAPITAL CITY % Correct
3,136 Lisbon . R
98%
2,784 Reykjavik . M
92%
2,678 Madrid . V
90%
2,053 Dublin . A
83%
2,209 Andorra la Vella . D
81%
2,268 Valletta . A
80%
1,731 London . V
78%
1,708 Paris . T
76%
1,884 Athens . M
75%
1,723 Rome . P
73%
1,724 Vatican City . R
73%
1,475 Brussels . S
71%
1,789 Monaco . L
71%
23 Vilnius .
69%
240 Riga . M
68%
1,562 Tirana . S
68%
183 Minsk . V
67%
1,529 Bern . B
67%
411 Warsaw . R
66%
587 Helsinki . T
65%
506 Tallinn . W
65%
1,035 Oslo . V
65%
1,530 San Marino . B
64%
828 Berlin . C
64%
1,374 Amsterdam . S
61%
967 Vienna . B
61%
813 Copenhagen . M
60%
1,462 Skopje . P
60%
1,399 Vaduz . P
60%
1,165 Bucharest . O
60%
660 Stockholm . K
60%
1,430 Luxembourg . V
60%
606 Kiev . H
59%
1,392 Pristina . A
59%
911 Prague . B
59%
941 Bratislava . B
59%
932 Budapest . C
59%
1,454 Podgorica . L
58%
1,175 Belgrade . B
58%
1,245 Ljubljana . Z
57%
1,327 Sarajevo . L
57%
1,364 Sofia . S
56%
785 Moscow . S
56%
1,207 Zagreb . B
56%
912 Chisinau . P
52%

Score Distribution

Percentile by Number Answered

Percent of People with Each Score

Your Score History

You have not taken this quiz